000
00245nam a22001217a 4500
040
_c
SK
082
_a
641
100
_a
NA
245
_a
SWeet tamarind; អំពិលផ្អែម
260
_a
RUA
_b
NA
_c
NA
300
_a
129p.
942
_c
KB
999
_c
10214
_d
10214